|
|
|
|
| LEADER |
00000cam a2200000 a 4500 |
| 001 |
vtls010087777 |
| 003 |
SK-MaSNL |
| 005 |
20260301212842.0 |
| 008 |
180730s2009 xo o f 000 0 slo |
| 015 |
|
|
|a SNBA2010/07-05035
|
| 020 |
|
|
|a 9788022411097
|q (viaz.)
|
| 035 |
|
|
|a 4980EF8C-FFE5-4F69-B03F-F41CE14C2D50
|
| 035 |
|
|
|a urn:nbn:sk:snk-amkaa9
|
| 035 |
|
|
|a urn:nbn:sk:snk-amkaa8
|
| 035 |
|
|
|a urn:nbn:sk:snk-am008aic
|
| 035 |
|
|
|a C27E3751-7710-4475-A85B-D6DCCA6B770D
|
| 035 |
|
|
|a urn:nbn:sk:snk-am008ahl
|
| 040 |
|
|
|a SNK
|b slo
|c SNK
|e AACR2
|
| 041 |
0 |
|
|a slo
|b eng
|b ger
|b slo
|
| 043 |
|
|
|a e-xo---
|
| 044 |
|
|
|a xo
|c SK
|
| 072 |
|
7 |
|a 34
|x Právo
|2 konspekt
|
| 080 |
|
|
|a 347.193
|2 2001
|
| 080 |
|
|
|a 347.133
|2 2001
|
| 080 |
|
|
|a 81'42
|2 2001
|
| 080 |
|
|
|a 904
|2 2001
|
| 080 |
|
|
|a 81'25
|2 2001
|
| 080 |
|
|
|a (437.6)
|2 2001
|
| 080 |
|
|
|a (048.8)
|2 2001
|
| 245 |
0 |
0 |
|a Žilinská právna kniha
|b preklad magdeburského práva : zápisy právnych úkonov žilinských mešťanov
|c na vydanie pripravil , štúdiu, úvod a poznámky vypracoval Rudolf Kuchar
|
| 250 |
|
|
|a 1. vyd.
|
| 260 |
|
|
|a Bratislava
|b Veda
|c 2009
|
| 300 |
|
|
|a 208 s.
|c 24 cm
|e 1 viaz. kniha
|
| 500 |
|
|
|a Príl.: Obrazová dokumentácia (prílohy k častiam A. a B.), 89, [80] s.
|
| 504 |
|
|
|a Bibliogr. s. 198-202. Pozn.
|
| 546 |
|
|
|a Res. angl., nem. a slov.
|
| 650 |
0 |
7 |
|a magdeburské právo
|2 SNKPH
|9 598997
|
| 650 |
0 |
7 |
|a mestské právo
|2 SNKPH
|9 2245
|
| 650 |
0 |
7 |
|a kultúrne pamiatky
|2 SNKPH
|9 2862
|
| 650 |
0 |
7 |
|a právne úkony
|2 SNKPH
|9 50026
|
| 650 |
0 |
7 |
|a texty
|2 SNKPH
|9 29593
|
| 650 |
0 |
7 |
|a preklad
|2 SNKPH
|9 25315
|
| 651 |
|
7 |
|a Žilina (Slovensko)
|2 SNKPH
|9 28812
|
| 655 |
|
7 |
|a monografie
|2 SNKPH
|9 70139
|
| 700 |
1 |
|
|a Kuchar, Rudolf,
|d 1937-1
|4 oth
|9 106704
|
| 852 |
|
|
|a Štátna vedecká knižnica v Banskej Bystrici
|
| 919 |
|
|
|a 978-80-224-1109-7
|
| 958 |
|
|
|a NB
|
| 968 |
|
|
|d 34
|
| 999 |
|
|
|c 919436
|d 921366
|
| 952 |
|
|
|a SNK
|b SNK
|y PREZ
|7 0
|p 17A0657708
|o snkSC 140062
|i snk2010/8974
|8 0
|0 0
|1 0
|4 0
|d 2010-04-29
|l 0
|r 2025-07-08 00:00:00
|w 2026-02-24
|
| 952 |
|
|
|a SNK
|b SNK
|y PREZ
|7 0
|p 17A0657709
|o snkSC 140062/príl.
|i snk2010/8974
|8 0
|z príloha
|0 0
|1 0
|4 0
|d 2010-04-29
|l 0
|r 2025-07-08 00:00:00
|w 2026-02-24
|
| 952 |
|
|
|a SNK
|b SNK
|y VYP
|7 0
|p 17A0657710
|o snkSC 140062/príl. D1
|i snk2010/8975
|8 0
|z príloha
|0 0
|1 0
|4 0
|d 2010-04-29
|f 1
|l 0
|r 2026-02-24 08:11:17
|w 2026-02-24
|
| 952 |
|
|
|a SNK
|b SNK
|y VYP
|7 0
|p 17A0657707
|o snkSC 140062 D1
|i snk2010/8975
|8 0
|0 0
|1 0
|4 0
|d 2010-04-29
|l 0
|r 2026-02-24 08:11:17
|w 2026-02-24
|